书目信息 |
| 题名: |
中国文化知识读本
|
|
| 作者: | 蒋肖云 编著 ;金诚 摄影 | |
| 分册: | 仡佬族 | |
| 出版信息: | 长春 吉林出版集团有限责任公司 2010 |
|
| 页数: | 120页 | |
| 开本: | 23cm | |
| 丛书名: | ||
| 单 册: | ||
| 中图分类: | K287.1 , K28 | |
| 科图分类: | ||
| 主题词: | 仡佬族--民族文化--中国 | |
| 电子资源: | ||
| ISBN: | 978-7-5463-3053-2 | |
| 000 | 00986nam 2200289 450 | |
| 001 | 2356631763 | |
| 005 | 20231216154512.17 | |
| 010 | @a978-7-5463-3053-2@dCNY34.80 | |
| 100 | @a20170531d2010 em y0chiy50 ea | |
| 101 | 0 | @achi |
| 102 | @aCN@b220000 | |
| 105 | @aa z 000yy | |
| 200 | 1 | @a中国文化知识读本@AZhong Guo Wen Hua Zhi Shi Du Ben@i仡佬族@f蒋肖云编著 |
| 210 | @a长春@c吉林出版集团有限责任公司@c吉林文史出版社@d2010 | |
| 215 | @a120页@c图@d23cm | |
| 225 | 2 | @Azhong guo wen hua zhi shi du ben |
| 314 | @a版权页题: 摄影金诚 | |
| 330 | @a本书介绍了仡佬族的族源历史、衣食住行、传统节日、人生礼节、宗教信仰、民间歌舞、娱乐活动、民族科学及民族文化等内容。 | |
| 410 | 0 | @12001 @Azhong guo wen hua zhi shi du ben |
| 517 | 1 | @a仡佬族@AYi Lao Zu |
| 606 | 0 | @a仡佬族@x民族文化@y中国 |
| 690 | @aK287.1@v5 | |
| 690 | @aK28@v4 | |
| 701 | 0 | @a蒋肖云@Ajiang xiao yun@4编著 |
| 702 | 0 | @a金诚@Ajin cheng@4摄影 |
| 801 | 0 | @aCN@b湖北三新@c20170531 |
| 905 | @aZUCC@dK28@e56 | |
| 中国文化知识读本.仡佬族/蒋肖云编著.-长春:吉林出版集团有限责任公司:吉林文史出版社,2010 |
| 120页:图;23cm |
| ISBN 978-7-5463-3053-2:CNY34.80 |
| 本书介绍了仡佬族的族源历史、衣食住行、传统节日、人生礼节、宗教信仰、民间歌舞、娱乐活动、民族科学及民族文化等内容。 |
| ● |
| 相关链接 |
|
|
|
正题名:中国文化知识读本
索取号:K28/56
 
预约/预借
| 序号 | 登录号 | 条形码 | 馆藏地/架位号 | 状态 | 备注 |
| 1 | 2001666774 | 2001666774 | 第四书库/四22架A面3层3列/ [索取号:K28/56] | 在馆 | |
| 2 | 2001666775 | 2001666775 | 第四书库/四22架A面3层3列/ [索取号:K28/56] | 在馆 | |
| 3 | 2001666776 | 2001666776 | 第四书库/四22架A面3层3列/ [索取号:K28/56] | 在馆 | |
| 4 | 2001666777 | 2001666777 | 218书库/ [索取号:K28/56] | 在馆 | |
| 5 | 2001666778 | 2001666778 | 218书库/ [索取号:K28/56] | 在馆 | |
| 6 | 2001666779 | 2001666779 | 218书库/ [索取号:K28/56] | 在馆 | |
| 7 | 2001666780 | 2001666780 | 第四书库/四21架B面5层2列/ [索取号:K28/56] | 在馆 | |
| 8 | 2001666781 | 2001666781 | 第四书库/四21架B面5层2列/ [索取号:K28/56] | 在馆 | |
| 9 | 2001666782 | 2001666782 | 第四书库/四21架B面5层2列/ [索取号:K28/56] | 在馆 | |
| 10 | 2001666783 | 2001666783 | 第四书库/四21架B面5层2列/ [索取号:K28/56] | 在馆 | |
| 11 | 2001666784 | 2001666784 | 第四书库/四21架B面5层2列/ [索取号:K28/56] | 在馆 | |
| 12 | 2001666785 | 2001666785 | 第四书库/四21架B面5层2列/ [索取号:K28/56] | 在馆 | |
| 13 | 2001666786 | 2001666786 | 218书库/ [索取号:K28/56] | 在馆 | |
| 14 | 2001666787 | 2001666787 | 第四书库/四21架B面5层2列/ [索取号:K28/56] | 在馆 | |
| 15 | 2001666788 | 2001666788 | 第四书库/四21架B面5层2列/ [索取号:K28/56] | 在馆 | |
| 16 | 2001666789 | 2001666789 | 第四书库/四21架B面5层2列/ [索取号:K28/56] | 在馆 | |
| 17 | 2001666790 | 2001666790 | 第四书库/四21架B面5层2列/ [索取号:K28/56] | 在馆 | |
| 18 | 2001666791 | 2001666791 | 512书库/ [索取号:K28/56] | 在馆 | |
| 19 | 2001666792 | 2001666792 | 512书库/ [索取号:K28/56] | 在馆 | |
| 20 | 2001666793 | 2001666793 | 512书库/ [索取号:K28/56] | 在馆 | |
| 21 | 2001666794 | 2001666794 | 512书库/ [索取号:K28/56] | 在馆 | |
| 22 | 2001666795 | 2001666795 | 512书库/ [索取号:K28/56] | 在馆 | |
| 23 | 2001666796 | 2001666796 | 512书库/ [索取号:K28/56] | 在馆 | |
| 24 | 2001666797 | 2001666797 | 第四书库/四21架B面5层2列/ [索取号:K28/56] | 在馆 | |
| 25 | 2001666798 | 2001666798 | 第四书库/四21架B面5层2列/ [索取号:K28/56] | 在馆 | |
| 26 | 2001666799 | 2001666799 | 第四书库/四21架B面5层2列/ [索取号:K28/56] | 在馆 | |
| 27 | 2001666800 | 2001666800 | 第四书库/四22架A面3层3列/ [索取号:K28/56] | 在馆 | |
| 28 | 2001666801 | 2001666801 | 第四书库/四21架B面5层2列/ [索取号:K28/56] | 在馆 | |
| 29 | 2001666802 | 2001666802 | 218书库/ [索取号:K28/56] | 在馆 | |
| 30 | 2001666803 | 2001666803 | 218书库/ [索取号:K28/56] | 在馆 |